• 首页
  • 本馆介绍
  • 公告通知
  • 最新文献
  • 馆藏检索
  • 电子资源
  • 读者导购
  • 参考咨询
  • 我的图书馆
  • 登录
  • 详细信息显示
  • 放入我的书架
  • 预约/预借图书
  • 作者相关作品
  • 分类相关作品
  • 丛书相关作品
  • 出版社相关作品

书目信息

  • 表格格式
  • 工作单格式
  • 卡片格式
题名:
中国古代教育史资料
    
 
作者: 孟宪承 , 陈学恂 , 张瑞璠 , 周子美 编
分册:  
出版信息: 北京   人民出版社  1961.3
页数: 429页
开本: 20cm
丛书名:
单 册:
中图分类: G529.2 , G529.02
科图分类:
主题词: 教育事业--世界
电子资源:
ISBN:
000 00716nam0 2200253 45
001 0212060928
005 20061109102928.37
010    @dCNY3.30@b精装
091    @a7012.050
100    @a20021206d1961 km y0chiy0120 ea
101 0  @achi
105    @a z 000yy
200 1  @a中国古代教育史资料@AZhong Guo Gu Dai Jiao Yu Shi Zi Liao@f孟宪承等编@FMeng Xian Cheng Deng Bian
210    @a北京@c人民出版社@d1961.3
215    @a429页@d20cm
606 0  @a教育事业@x世界
690    @aG529.2@v1
690    @aG529.02@v3
701  0 @a孟宪承@4编
701  0 @a陈学恂@4编
701  0 @a张瑞璠@4编
701  0 @a周子美@4编
801    @aCN@bPftUser@c20061109
905    @f4@b146235-238@f2@b146242-243@f1@b146240@dG529.02@e1
    
    中国古代教育史资料/孟宪承等编.-北京:人民出版社,1961.3
    429页;20cm
    
    
    ISBN (精装):CNY3.30
    
●
相关链接 在E读中查询图书 在五车中查询图书 在当当中查询图书 在豆瓣中查询图书


正题名:中国古代教育史资料     索取号:G529.02/1         预约/预借

序号 登录号 条形码 馆藏地/架位号 状态 备注
1 0066872   000461672   密集书库/ [索取号:G529.02/1] 在馆    
2 0066873   000461681   密集书库/ [索取号:G529.02/1] 在馆    
3 0066874   000461636   密集书库/ [索取号:G529.02/1] 在馆    
4 0066875   001966260   密集书库/ [索取号:G529.02/1] 在馆    
5 0066876   000461627   第一样本阅览室/ [索取号:G529.02/1] 在馆    
6 0146235   000461663   密集书库/ [索取号:G529.02/1] 在馆    
7 0146236   000461538   密集书库/ [索取号:G529.02/1] 在馆    
8 0146237   000461618   密集书库/ [索取号:G529.02/1] 在馆    
9 0146238   000461654   密集书库/ [索取号:G529.02/1] 在馆    
10 0146239   001734136   密集书库/ [索取号:G529.02/1] 在馆    
11 0146240   000463037   密集书库/ [索取号:G529.02/1] 在馆    
12 0146241   001660429   密集书库/ [索取号:G529.02/1] 在馆    
13 0146242   000462975   密集书库/ [索取号:G529.02/1] 在馆    
14 0146243   000463028   密集书库/ [索取号:G529.02/1] 在馆    
15 0146244   001660599   密集书库/ [索取号:G529.02/1] 在馆    
16 0160649   000462984   密集书库/ [索取号:G529.02/1] 在馆    
17 0160650   000461583   密集书库/ [索取号:G529.02/1] 在馆    
18 0160651   001991438   密集书库/ [索取号:G529.02/1] 在馆    
19 0426359   204263590   密集书库/ [索取号:G529.02/1] 在馆    
20 0459998   204599988   密集书库/ [索取号:G529.02/1] 在馆    
唐山师范学院图书馆 欢迎您!
大连网信软件有限公司© 版权所有